000 00413nam a22001697a 4500
005 20160520125811.0
008 160520b xxu||||| |||| 00| 0 eng d
020 _a978-81-318-0859-7
041 _aeng
082 _b3553
100 _aVerma N.K. & Khanna S.K.
_9881
245 _aComprehensive Chemistry Class XII
260 _bLaxmi Pub.
300 _a906
650 _aDIPLOMA ENGINEERING
_9817
942 _cBK
999 _c1208
_d1208